<?xml version="1.0" encoding="UTF-8"?>
<record
    xmlns:xsi="http://www.w3.org/2001/XMLSchema-instance"
    xsi:schemaLocation="http://www.loc.gov/MARC21/slim http://www.loc.gov/standards/marcxml/schema/MARC21slim.xsd"
    xmlns="http://www.loc.gov/MARC21/slim">

  <leader>01670nam a22002895i 4500</leader>
  <controlfield tag="001">165802</controlfield>
  <controlfield tag="003">ES-MaACL</controlfield>
  <controlfield tag="005">20250728063135.0</controlfield>
  <controlfield tag="008">950206s1748    be a         |||| | spa d</controlfield>
  <datafield tag="100" ind1="1" ind2=" ">
    <subfield code="a">Strada, Famiano,</subfield>
    <subfield code="d">1572-1649</subfield>
    <subfield code="9">132919</subfield>
  </datafield>
  <datafield tag="245" ind1="1" ind2="0">
    <subfield code="a">Guerras de Flandes : </subfield>
    <subfield code="b">segunda decada, desde el principio del govierno de Alexandro Farnese... / </subfield>
    <subfield code="c">escrivi&#xF3;las en latin el R.P. Famiano Estrada de la Compa&#xF1;ia de Jesus y las tradux&#xF3; en romance el R.P. Melchor de Novar de la misma Compa&#xF1;ia ; tomo II, part. I.</subfield>
  </datafield>
  <datafield tag="250" ind1=" " ind2=" ">
    <subfield code="a">Nueva edicion, enriquecida de lindissimas estampas, en la qual se enmendaron essenciales erratas.</subfield>
  </datafield>
  <datafield tag="260" ind1=" " ind2=" ">
    <subfield code="a">En Amberes : </subfield>
    <subfield code="b">por Marcos-Miguel Bousquet y Compa&#xF1;ia, </subfield>
    <subfield code="c">1748.</subfield>
  </datafield>
  <datafield tag="300" ind1=" " ind2=" ">
    <subfield code="a">[8], 352 p., [5] h. de grab. ; </subfield>
    <subfield code="c">12"</subfield>
  </datafield>
  <datafield tag="530" ind1=" " ind2=" ">
    <subfield code="a">Disponible en formato digital.</subfield>
  </datafield>
  <datafield tag="595" ind1=" " ind2=" ">
    <subfield code="a">Mencion de ed. precede a: "Tomo II, part. I"</subfield>
  </datafield>
  <datafield tag="597" ind1=" " ind2=" ">
    <subfield code="a">Sign.: [ ]1, [cruz]3, A-O12, P8.</subfield>
  </datafield>
  <datafield tag="597" ind1=" " ind2=" ">
    <subfield code="a">Port. a dos tintas.</subfield>
  </datafield>
  <datafield tag="599" ind1=" " ind2=" ">
    <subfield code="a">Front. calc.: "Delamonce in et del Ioubert sc. Lugd."</subfield>
  </datafield>
  <datafield tag="599" ind1=" " ind2=" ">
    <subfield code="a">Las h. de grab. calc.: "En casa de Bousquet", retratos.</subfield>
  </datafield>
  <datafield tag="600" ind1="1" ind2="4">
    <subfield code="a">Alejandro Farnesio,</subfield>
    <subfield code="c">Duque de Parma</subfield>
    <subfield code="9">155121</subfield>
  </datafield>
  <datafield tag="651" ind1=" " ind2="0">
    <subfield code="a">Pa&#xED;ses Bajos-</subfield>
    <subfield code="x">Historia-</subfield>
    <subfield code="y">1556-1648 (Guerras de la Independencia)</subfield>
    <subfield code="9">241409</subfield>
  </datafield>
  <datafield tag="700" ind1="1" ind2=" ">
    <subfield code="a">Novar, Melchor de</subfield>
    <subfield code="c">(S.I.),</subfield>
    <subfield code="d">1629-1707</subfield>
    <subfield code="9">130535</subfield>
  </datafield>
  <datafield tag="852" ind1="4" ind2=" ">
    <subfield code="a">ES-MaACL</subfield>
    <subfield code="j">R-1496      </subfield>
    <subfield code="z">- Enc. piel      </subfield>
    <subfield code="z">- Ex-libris de la Biblioteca del Rey N. Se&#xF1;or     </subfield>
    <subfield code="z">Sello con la leyenda "Inventariado por las Cortes, 1874"  </subfield>
    <subfield code="z">-  Olim: G-13943-49</subfield>
  </datafield>
  <datafield tag="856" ind1="4" ind2=" ">
    <subfield code="u">https://bibliotecavirtual.defensa.gob.es/BVMDefensa/i18n/consulta/registro.do?id=1622</subfield>
    <subfield code="z">Biblioteca Virtual de Defensa</subfield>
  </datafield>
  <datafield tag="999" ind1=" " ind2=" ">
    <subfield code="c">165802</subfield>
    <subfield code="d">165802</subfield>
  </datafield>
  <datafield tag="952" ind1=" " ind2=" ">
    <subfield code="0">0</subfield>
    <subfield code="1">0</subfield>
    <subfield code="4">0</subfield>
    <subfield code="7">0</subfield>
    <subfield code="8">Colecci&#xF3;n_digital</subfield>
    <subfield code="a">ATENEOM</subfield>
    <subfield code="b">ATENEOM</subfield>
    <subfield code="c">DEPO</subfield>
    <subfield code="d">2008-01-17</subfield>
    <subfield code="e">SSC</subfield>
    <subfield code="l">0</subfield>
    <subfield code="o">R-1496</subfield>
    <subfield code="p">1173880</subfield>
    <subfield code="r">2023-02-23 00:00:00</subfield>
    <subfield code="w">2023-02-23</subfield>
    <subfield code="y">MONANT</subfield>
  </datafield>
</record>
